Κατάλογος Βιβλιοθηκών Mediterranean College

Μουσική στη Προσχολική Αγωγή / Αλληλεπίδραση Παιδιού - Παιδαγωγού (Record no. 8276)

MARC details
000 -LEADER
fixed length control field 02376cam a22001934a 4500
005 - ΗΜΕΡΟΜΗΝΙΑ ΚΑΙ ΩΡΑ ΤΕΛΕΥΤΑΙΑΣ ΕΝΗΜΕΡΩΣΗΣ
Πεδίο ελέγχου 20250605164331.0
008 - FIXED-LENGTH DATA ELEMENTS--GENERAL INFORMATION
Πεδίο ελέγχου σταθερού μήκους 250528s ||||||||||||||||||||||||d
035 ## - SYSTEM CONTROL NUMBER
System control number 23247
020 ## - ISBN
ISBN 9789600115260
040 ## - ΠΗΓΗ ΚΑΤΑΛΟΓΟΓΡΑΦΗΣΗΣ
Φορέας πρωτότυπης καταλογογράφησης MC Athens Campus Library
Γλώσσα καταλογογράφησης Ελληνικά, Μοντέρνα (1453-)
Modifying agency MC Athens Campus Library
Κανόνες περιγραφικής καταλογογράφησης AACR2
245 1# - ΤΙΤΛΟΣ ΚΑΙ ΔΗΛΩΣΗ ΥΠΕΥΘΥΝΟΤΗΤΑΣ
Τίτλος Μουσική στη Προσχολική Αγωγή / Αλληλεπίδραση Παιδιού - Παιδαγωγού
260 ## - PUBLICATION, DISTRIBUTION, ETC.
Name of publisher, distributor, etc. Gutenberg,
Date of publication, distribution, etc. 2012
300 ## - PHYSICAL DESCRIPTION
Extent 288
520 ## - SUMMARY, ETC.
Summary, etc. Το βιβλίο αυτό διερευνά τις σύγχρονες θεμελιώδεις αρχές και αξίες της μουσικής εκπαίδευσης για τα παιδιά της προσχολικής ηλικίας. Πρόλογος, Εισαγωγή, Προσεγγίζοντας την Έννοια της Μουσικής, Τι Είναι Μουσική, Σε Ποιούς Απευθύνεται η Μουσική, Η Ιδιαίτερη Μουσική Κουλτούρα των Παιδιών, Η Μουσική Συμπεριφορά των Παιδιών, Κατανοώντας τον Ρόλο του Εκπαιδευτικού, Πώς ο Εκπαιδευτικός Μπορεί να Κατανοήσει τον Μουσικό Κόσμο του Παιδιού;, Η Επίδραση των Θεωριών Μάθησης στη Μουσική Παιδαγωγική, Μη Κατευθυντικές Προσεγγίσεις, Παιδαγωγική Σύνθεση: Μια Πλήρης Μουσική Εμπειρία για τα Παιδιά, Μορφές Μουσικής Έκφρασης, Η Μουσική στο Πρόγραμμα Σπουδών του Νηπιαγωγείου, Οι Μορφές Μουσικής Έκφρασης, και τα Στοιχεία της Μουσικής, Επιλεγμένες Μουσικοπαιδαγωγικές Θεωρίες, Τρόποι Ένταξης της Μουσικής στο Νηπιαγωγείο, Μουσικοπαιδαγωγικές Προσεγγίσεις, Χτίζοντας Σχέση Εμπιστοσύνης με τα Παιδιά, Γνωριμία με τις Βασικές Ιδιότητες του Ηχου, Παράρτμα, Βιβλιογραφία, Ευρετήριο Εννοιών και Συγγραφέων.
700 1# - ΠΡΟΣΘΕΤΗ ΑΝΑΓΡΑΦΗ--ΦΥΣΙΚΟ ΠΡΟΣΩΠΟ
Personal name Δογάνη Κωνσταντίνα
9 (RLIN) 8838
942 ## - ADDED ENTRY ELEMENTS (KOHA)
Koha item type Books
Holdings
Τύπος τεκμηρίου Βιβλιοθήκη Τρέχουσα τοποθεσία Barcode Αριθμός εισαγωγής Ημερομηνία απόκτησης Ταξιθετικό σύμβολο Αριθμός αντιτύπου Κατάσταση απόσυρσης Κατάσταση χαμένου Κατάσταση κατεστραμμένου Μη δανεισμός Σύνολο δανεισμών Ημερομηνία τελευταίας εμφάνισης Η τιμή ισχύει από
Books MC Athens Campus Library MC Athens Campus Library 9780000082756 7654 05/06/2025 372.87044 DOG 1           05/06/2025 05/06/2025

MC Athens Campus Library
Πατησίων 94 & Κοδριγκτώνος 13, 104 34
Πελλήνης 8 & Πατησίων 107, 112 51
Τ: +30 210 8899600

MC Thessaloniki Campus Library
Ίωνος Δραγούμη 21, 54625 | Ίωνος Δραγούμη 15, 54625
Τ: +30 2310 287779 – Τ: +30 2314 440300